| 000 | 00555cam a2200193 4500500 | ||
|---|---|---|---|
| 005 | 20260405001720.0 | ||
| 041 | _afre | ||
| 042 | _adc | ||
| 100 | 1 | 0 |
_aLegros, Martin _eauthor |
| 245 | 0 | 0 | _aLe tétraèdre merveilleux |
| 260 | _c2014. | ||
| 500 | _a73 | ||
| 690 | _aCartes | ||
| 690 | _aGunnar Olsson | ||
| 690 | _aReligion | ||
| 690 | _aScience | ||
| 786 | 0 | _nPhilosophie magazine | 77 | 3 | 2014-03-01 | p. 24-24 | 1951-1787 | |
| 856 | 4 | 1 | _uhttps://shs.cairn.info/magazine-philosophie-magazine-2014-3-page-24?lang=fr&redirect-ssocas=7080 |
| 999 |
_c2050336 _d2050336 |
||